000 00934nam a22002657a 4500
005 20240530110356.0
008 150110s2009 ua o f 000 0bara d
017 _a2008/13634
_bمصر . دار الكتب المصرية
020 _a9789770924666
040 _aEG-CaGPL
041 0 _aara
082 0 4 _221
_a920.7
_bق/ص ب
100 0 _aصلاح عيسى
245 1 2 _aالبرنسيسة و الافندى /
_cصلاح عيسى
250 _aط 1
260 _aالقاهرة :
_bدار الشروق ،
_c2009
300 _a638 ص :
_bصور ؛
_c30 سم
490 0 _aحكايات من دفتر الوطن
650 0 4 _aالبرنسيسة فتحية
650 0 4 _aالامراء والملوك
_xتراجم
650 0 4 _aالبرنسيسة فتحية
_xصور
651 0 4 _aمصر
_xتاريخ
_yالعصر الحديث
_yالملك فاروق
942 _2ddc
_cBK
999 _c60174
_d60174